000
00340nam a2200133Ia 4500
003
GCL
008
140319s9999 xx 000 0 ara d
040
_a
GCL /
_c
GCL
082
0
4
_a
912.014
_b
ف خ
245
1
0
_a
خرائط التوزيعات
260
_a
[S.N] :
_b
دار الحكمة اليمنية ،
_c
1994
300
_a
280 ص
490
_a
999
_c
55570
_d
55570